Advertising and the aggregate demand for cigarettes (Registro nro. 26894)

Detalles MARC
000 -LEADER
fixed length control field 00373 a2200121 4500
001 - CONTROL NUMBER
control field ART_14120
005 - DATE AND TIME OF LATEST TRANSACTION
control field 20260410161912.0
008 - FIXED-LENGTH DATA ELEMENTS--GENERAL INFORMATION
fixed length control field 260409a
100 1# - MAIN ENTRY--PERSONAL NAME
Personal name Cowling, Keith
245 10 - TITLE STATEMENT
Title Advertising and the aggregate demand for cigarettes
700 1# - ADDED ENTRY--PERSONAL NAME
Personal name Mc Guinness, Tony
773 0# - HOST ITEM ENTRY
Title European economic review
Related parts - Vol. 14, Nº 1 (jul. 1980)
Record control number REV13346

No hay ítems disponibles.